000
00264nam a2200109Ia 4500
008
190906s9999||||xx |||||||||||||| ||und||
100
_a
Coles and Gibson
245
0
_a
Shakespeare Measure For Measure
260
_a
UK
_b
Cambridge
_c
1993
300
_a
188
942
_c
BK
999
_c
6023
_d
6023